000
00209 a2200109 4500
020
_a
9780399250651
041
_a
spa
100
_a
Carle, Eric
245
_a
La araą muy ocupada
942
_c
BK
952
_7
1
999
_c
16879
_d
16879